Pharaons noirs : sur la piste des quarante jours /

محفوظ في:

مؤلف مشترك: Musée royal de Mariemont.

مؤلفون آخرون: Bruwier, Marie-Cécile., Betz, Raymond.

التنسيق: كتاب

اللغة: French

منشور في: Mariemont : Musée royal de Mariemont, 2007.

الموضوعات:

الوسوم: إضافة وسم

لا توجد وسوم, كن أول من يضع وسما على هذه التسجيلة!

رقم الطلب: DT159.9 .P37

LEADER 00960nam a22002657a 4500
003 OSt
005 20260420154834.0
008 260420t2007 be a bc 000 0 fre d
020 |a 2930469064 
040 |c ARCE Library 
043 |a f-sj--- 
050 1 4 |a DT159.9  |b .P37 
245 0 0 |a Pharaons noirs :  |b sur la piste des quarante jours /  |c [coordination : Marie-Cécile Bruwier ; textes, Raymond Betz ... et al.] 
264 1 |a Mariemont :   |b Musée royal de Mariemont,  |c 2007. 
300 |a 330 pages :  |b illustrations, maps (some color) ;  |c 28 cm. 
500 |a Catalog of an exhibition held at the Musée royal de Mariemont, Mar. 9-Sept. 2, 2007. 
504 |a Includes bibliographical references. 
651 0 |a Nubia  |x Antiquities  |v Exhibitions. 
651 0 |a Nubia  |x History  |v Exhibitions. 
700 1 |a Bruwier, Marie-Cécile.  |9 27439 
700 1 |a Betz, Raymond. 
710 2 |a Musée royal de Mariemont. 
901 |a reviewed 
942 |c BK  |2 lcc 
999 |c 14936  |d 14936